| 000 | 00689nam a2200217Ia 4500 | ||
|---|---|---|---|
| 003 | GCL | ||
| 008 | 140319s9999 xx 000 0 ara d | ||
| 040 |
_aGCL / _cGCL |
||
| 082 | 0 | 4 |
_a782.1 _bس ا |
| 100 | 1 | _aمحمود احمد الحفنى | |
| 245 | 1 | 0 |
_aاشهر الاوبرات / _cمحمود احمد الحفنى |
| 700 | 1 | _aحسين فوزى (مراجع) | |
| 700 | 1 | _aسيمون، هنرى | |
| 700 | 1 | _aفينوس، ابراهام | |
| 300 | _a372 ص | ||
| 490 |
_aالالف كتاب _v0 |
||
| 650 | 0 | 4 | _aالاوبرا - تاريخ ونقد |
| 650 | 0 | 4 | _aالاوبرا - نوتة موسيقية |
| 650 | 0 | 4 | _aالاوبرا - قصص وروايات |
| 942 |
_2ddc _cBK |
||
| 999 |
_c45845 _d45845 |
||